European Security and Defence Policy (Record no. 6692)

MARC details
000 -LEADER
fixed length control field 00543nam a22002057i 4500
001 - CONTROL NUMBER
control field 7924
003 - CONTROL NUMBER IDENTIFIER
control field OSt
005 - DATE AND TIME OF LATEST TRANSACTION
control field 20170126082405.0
007 - PHYSICAL DESCRIPTION FIXED FIELD--GENERAL INFORMATION
fixed length control field tu
008 - FIXED-LENGTH DATA ELEMENTS--GENERAL INFORMATION
fixed length control field 161220s2009 xxu||||| |||| 00| 0 d
020 ## - INTERNATIONAL STANDARD BOOK NUMBER
International Standard Book Number 9789291981571
024 7# - OTHER STANDARD IDENTIFIER
Standard number or code 7924
Source of number or code RID
040 ## - CATALOGING SOURCE
Transcribing agency OSt
100 1# - MAIN ENTRY--PERSONAL NAME
Personal name Grevi, Giovanni
245 00 - TITLE STATEMENT
Title European Security and Defence Policy
Remainder of title The first 10 years (1999-2009)
260 ## - PUBLICATION, DISTRIBUTION, ETC.
Place of publication, distribution, etc. Paris :
Name of publisher, distributor, etc. The European Union Institute for Security Studies,
Date of publication, distribution, etc. 2009.
300 ## - PHYSICAL DESCRIPTION
Extent 448S. ;
Dimensions 30cm.
700 1# - ADDED ENTRY--PERSONAL NAME
Personal name Helly, Damien
700 1# - ADDED ENTRY--PERSONAL NAME
Personal name Keohane, Daniel
942 ## - ADDED ENTRY ELEMENTS (KOHA)
Koha item type Book
Holdings
Withdrawn status Lost status Damaged status Not for loan Home library Current library Shelving location Date acquired Inventory number Total Checkouts Full call number Barcode Date last seen Price effective from Koha item type
        WIIW WIIW Library 03/24/2010 7924   7.734 10003831 01/26/2017 01/26/2017 Book
The Vienna Instiute for International Economic Studies (wiiw)